000 00805nam a2200253 i 4500
001 bg
245 0 0 _aSocjologia pracy socjalnej /
_cwybór i oprac. Martin Davies ; przekł. [z ang.] Bogdan Siewierski.
246 _iTyt. oryg.:
_aThe sociology of social work
260 _aKatowice :
_b"Śląsk",
_c1999.
300 _a280, [3] s. ;
_c21 cm.
490 1 _aBiblioteka Pracownika Socjalnego
500 _aOryg.: "The sociology of social work" 1991.
504 _aBibliogr. s. 255-[281].
650 9 _aOpieka społeczna
_xsocjologia
700 1 _aDAVIES, Martin.
_eRed.
830 _aBiblioteka Pracownika Socjalnego
020 _a837164163X
040 _cBPK
041 1 _apl
_hen
080 _a364:316
920 _a83-7164-163-X
942 _cKS
008 s pl f |000 0 pol
999 _c38488
_d38488
856 _uhttp://koha.tu.koszalin.pl/cgi-bin/koha/opac-detail.pl?biblionumber=38488
_yKatalog online BPK